000 00544nam a2200193Ia 4500
005 20250508160148.0
008 008 250505s9999 xx 000 0 eng d
037 _aTextual
040 _aFEDL
_beng
_cFEDL
041 _aeng
_2eng
084 _a954, NCE
_qFEDL
100 _aSahgal Nayantara
245 0 _aFreedom movement in India
245 0 _cNCERT
260 _aNew Delhi, India
_bNational Council of Educational Research and Training
_c1970
300 _a135p.
942 _cTEXL
_h954, NCE
999 _c1362329
_d1362329